000
002800000a22001090004500
100
1
_a
Vos, Geerhardus (1862-1949)
245
1
0
_a
La fe y el creyente
300
_a
Vol.7, Núm.1 (Marzo, 2005), Páginas 76-79
520
_a
Hebreos 11:9-10
773
0
_t
Reforma Siglo 21
942
_c
ANA
999
_c
60456
_d
60456